000 01450nam a2200265Ia 4500
999 _c53250
_d53250
001 20291
003 GE_BSU
005 20200826211252.0
008 181216s1950||||ge |||||||||||||| ||geo||
040 _cGE_BSU
041 _ageo
080 _a811.353.1'367(072)
100 _aკვაჭაძე, ლ.
_99166
245 _aრთული წინადადების სწავლების მეთოდიკა :
_bმეთოდური სახელმძღვანელო ქართული ენის მასწავლებელთათვის /
_cლ. კვაჭაძე ; რედ. კ. გუგუშვილი.
264 _aთბილისი :
_bინ-ტის გამ-ბა,
_c1950.
300 _a128 გვ. ;
_c23 სმ.
300 _eბიბლიოგრაფია გვ. 125-126.
504 _aბიბლიოგრაფია გვ. 125-126
541 _h1ლ.20თ.
653 _aრთული წინადადების სწავლების მეთოდიკა
653 _aქართული ენა
700 _aგუგუშვილი, კ.
_eრედაქტორი
_99340
710 _aსაქართველოს სსრ განათლების სამინისტრო
_bპედაგოგიურ მეცნიერებათა ინსტიტუტი
_99341
942 _cBK
_2udc